Real World Locations Quiz Stats

 Plays Quiz Updated Oct 2, 2019

Score 0/33 Timer 05:00
0 Plays Today
Year City % Correct
1992New York
96.4%
2001New York
96.4%
2014-2015Chicago
82.2%
1996Miami
82.2%
2014San Francisco
82.2%
1993Los Angeles
79.8%
2002Chicago
79.1%
2016-2017Seattle
77.7%
1997Boston
76.2%
2011San Diego
75.4%
2002-2003Las Vegas
73.7%
2016Las Vegas
73.1%
2005Austin
72.6%
2003Paris
71.6%
1998Seattle
71.3%
1994San Francisco
71.2%
2004San Diego
69.8%
Year City % Correct
2019Atlanta
68%
2000New Orleans
67.6%
2006-2007Denver
63.5%
1995London
62.8%
2013Portland
62%
2004-2005Philadelphia
61.7%
1999Honolulu
58.3%
2007-2008Sydney
53.3%
2009Brooklyn
49.1%
2006Key West
48.4%
2009Cancun
38.6%
2008Hollywood
37.5%
2009-2010Washington, D.C.
29.8%
2012Saint Thomas
24%
2010New Orleans
20.4%
2011Las Vegas
10.5%

You're not logged in!

Compare scores with friends on all Sporcle quizzes.
OR
Log In

Sporcle TV

Today on Sporcle TV


Watch our educational content, quiz creation guides, and fun videos on Sporcle TV.

Show Comments

Extras

Top Quizzes Today


Score Distribution

Your Account Isn't Verified!

In order to create a playlist on Sporcle, you need to verify the email address you used during registration. Go to your Sporcle Settings to finish the process.

Report this User

Report this user for behavior that violates our Community Guidelines.

Details: